[Event "25th Czech Rapid G1 2014"]
[Site "Pardubice CZE"]
[Date "2014.07.17"]
[Round "7.48"]
[White "Kratochvil, Milan"]
[Black "Belousov, Gennadiy"]
[Result "1/2-1/2"]
[WhiteElo "2195"]
[BlackElo "2222"]
[WhiteFideId "331015"]
[BlackFideId "24183342"]
[EventDate "2014.07.16"]

1. e4 c5 2. c3 Nf6 3. e5 Nd5 4. d4 cxd4 5. cxd4 Nc6 6. Nc3 Nxc3 7. bxc3 d6 8. f4
dxe5 9. fxe5 Bf5 10. Nf3 e6 11. Bd3 Bxd3 12. Qxd3 Be7 13. Rb1 b6 14. O-O Rc8 15.
Bd2 Na5 16. Qb5+ Qd7 17. Qxd7+ Kxd7 18. Ng5 Nc4 19. Bc1 Bxg5 20. Bxg5 Rhf8 21.
Rf3 h6 22. Bc1 Kc6 23. Kf2 b5 24. Ke2 a6 25. Rg3 Rg8 26. Rf3 Rc7 27. Rg3 h5 28.
Bd2 g6 29. Rf1 Rb8 30. Rgf3 Rbb7 31. Kd3 Rd7 32. Kc2 Kd5 33. Be1 Rdc7 34. Kb3 a5
35. a3 Ra7 36. R1f2 Rcb7 37. Ra2 Kc6 38. h3 Ra8 39. Kc2 Rd8 40. Kb3 Rdd7 41.
Raf2 Nb6 42. g4 hxg4 43. hxg4 Kd5 44. Re2 Nc4 45. Rh3 Ra7 46. Rh8 Nb6 47. Rb8
Rab7 48. Rf8 Rbc7 49. Rb8 Kc6 50. Rf2 Rc8 51. Rxc8+ Nxc8 52. Rh2 Nb6 53. Rh8 Rb7
54. Rd8 Rd7 55. Rb8 Kc7 56. Rf8 Kc6 57. Bd2 Rb7 58. Rd8 a4+ 59. Kc2 Rd7 60. Rb8
Nc4 61. Bc1 Rb7 62. Rd8 Kb6 63. Kd3 Rc7 64. Rb8+ Kc6 65. Ke4 Nb6 66. Rf8 Kb7 67.
Kd3 Nd5 68. Bd2 Kc6 69. Rd8 Rd7 70. Rc8+ Kb7 71. Rf8 Nb6 72. Bc1 Nc4 73. Kc2 Na5
74. Be3 Rc7 75. Kd3 Kc6 76. Rd8 Rd7 77. Rc8+ Kb7 78. Rf8 Nc6 79. Ke4 Nd8 80. Bg5
Nc6 81. Be3 Kc7 82. Bd2 Na5 83. Bc1 Nc4 84. Rc8+ Kxc8 1/2-1/2

[Event "25th Czech Rapid G1 2014"]
[Site "Pardubice CZE"]
[Date "2014.07.17"]
[Round "7.49"]
[White "Yakimenko, Alexander A."]
[Black "Vykydal, Frantisek"]
[Result "1/2-1/2"]
[BlackTitle "CM"]
[WhiteElo "2142"]
[BlackElo "2117"]
[WhiteFideId "24141917"]
[BlackFideId "301744"]
[EventDate "2014.07.16"]

1. d4 Nf6 2. c4 d6 3. Nf3 Bg4 4. Nc3 Nbd7 5. h3 Bxf3 6. exf3 e5 7. Be2 g6 8. O-O
Bg7 9. Bg5 c6 10. Ne4 Qe7 11. dxe5 dxe5 12. Nd6+ Kf8 13. Nxb7 Rb8 14. Na5 Qc5
15. Nb3 Qe7 16. Qd2 h6 17. Be3 Rb7 18. Na5 Rc7 19. Rfd1 Kg8 20. Qd6 Qxd6 21.
Rxd6 c5 22. Rc6 Rxc6 23. Nxc6 a6 24. Rd1 Kh7 25. Na5 Bf8 26. f4 Be7 27. Nc6 exf4
28. Bxf4 Re8 29. Nxe7 Rxe7 30. Bf3 Ne5 31. Bd5 Nxd5 32. cxd5 Nd7 33. Kf1 Re4 34.
g3 g5 35. Be3 f5 36. Kg2 Kg6 37. Rc1 Re5 38. Bxc5 Rxd5 39. b4 Kf6 40. Be3 Ke6
41. a4 Ne5 42. Rc8 Kd7 43. Rh8 Rd6 44. Bc5 Re6 45. Rh7+ Kc6 46. Bf8 Kd5 47. Bxh6
g4 48. Be3 Nc4 49. hxg4 Nxe3+ 50. fxe3 fxg4 51. Rg7 Re4 52. b5 axb5 53. axb5 Rb4
54. Rg5+ Ke6 55. Kf2 Kf6 56. Rd5 Rb2+ 57. Ke1 Rg2 58. b6 Rxg3 59. Kf2 Rf3+ 60.
Ke2 Rh3 61. b7 Rh2+ 62. Kf1 Rb2 63. Rd7 Kf5 64. Re7 Kf6 65. Rc7 Kf5 66. Rg7 Ke4
67. Rxg4+ Kf3 68. Rf4+ Kxe3 69. Rf7 Kd4 70. Ke1 Kd5 71. Kd1 Kc6 72. Kc1 Rxb7 73.
Rxb7 Kxb7 1/2-1/2

[Event "25th Czech Rapid G1 2014"]
[Site "Pardubice CZE"]
[Date "2014.07.17"]
[Round "7.50"]
[White "Kutynec, Vladimir"]
[Black "Chekletsov, Ilya"]
[Result "1-0"]
[WhiteTitle "IM"]
[WhiteElo "2305"]
[BlackElo "2078"]
[WhiteFideId "4119843"]
[BlackFideId "24177156"]
[EventDate "2014.07.16"]

1. Nf3 Nf6 2. c4 c5 3. d4 cxd4 4. Nxd4 Nc6 5. Nc3 g6 6. g3 Bg7 7. Bg2 O-O 8. O-O
Nxd4 9. Qxd4 d6 10. b3 Ng4 11. Qd2 Ne5 12. Bb2 Rb8 13. Rfd1 Bd7 14. c5 dxc5 15.
f4 Nc6 16. Qxd7 Bd4+ 17. Rxd4 cxd4 18. Bxc6 dxc3 19. Bxc3 bxc6 20. Qxa7 Qb6+ 21.
Qxb6 Rxb6 22. b4 Rd8 23. a4 f6 24. Kf2 Kf7 25. Ke3 Ke6 26. a5 Rb5 27. a6 Ra8 28.
a7 Rb7 29. Ra6 Kd7 30. Bd4 Rxb4 31. Kd3 Kd6 32. Kc3 Rb1 33. e4 Rc1+ 34. Kd3 Kd7
35. Ra5 Kd6 36. e5+ Ke6 37. Be3 Rd1+ 38. Kc4 Rd5 39. Ra6 fxe5 40. Rxc6+ Rd6 41.
Rc7 exf4 42. gxf4 Rd7 43. Rc6+ Kf5 44. h3 Raxa7 45. Rc5+ Kf6 46. Rc6+ Kf5 47.
Rc5+ Ke4 48. Re5+ Kf3 49. Bxa7 Rxa7 50. Rb5 Rd7 51. f5 g5 52. Rb6 Kg3 53. Rh6
Kf4 54. Rxh7 Kxf5 55. Rf7+ Ke4 56. Kc5 e5 57. Rxd7 1-0

[Event "25th Czech Rapid G1 2014"]
[Site "Pardubice CZE"]
[Date "2014.07.17"]
[Round "7.51"]
[White "Foermes, Alexander"]
[Black "Seidl, Stepan"]
[Result "1-0"]
[WhiteElo "2035"]
[BlackElo "2209"]
[WhiteFideId "24605255"]
[BlackFideId "338290"]
[EventDate "2014.07.16"]

1. Nf3 g6 2. d4 Nf6 3. g3 Bg7 4. Bg2 d5 5. O-O c6 6. c4 dxc4 7. a4 Na6 8. Na3
O-O 9. Nxc4 Be6 10. Nfe5 Bd5 11. f3 Nd7 12. e4 Nxe5 13. Nxe5 Be6 14. Be3 c5 15.
f4 cxd4 16. Bxd4 Nb4 17. Rf2 f6 18. Nf3 a5 19. Rd2 Qe8 20. Rc1 Rc8 21. Bb6 Rxc1
22. Qxc1 Qxa4 23. Nd4 Bf7 24. Qc5 Qa1+ 25. Kf2 e5 26. Qxa5 Na2 27. Ne2 Qb1 28.
Qc5 exf4 29. gxf4 g5 30. Bf3 Re8 31. Rd7 Be6 32. Rxb7 Qxb2 33. Qc7 f5 34. e5 1-0

[Event "25th Czech Rapid G1 2014"]
[Site "Pardubice CZE"]
[Date "2014.07.17"]
[Round "7.52"]
[White "Andreeva, Elena"]
[Black "Shevchenko, Kirill"]
[Result "0-1"]
[BlackTitle "CM"]
[WhiteElo "1946"]
[BlackElo "2100"]
[WhiteFideId "24104701"]
[BlackFideId "14129574"]
[EventDate "2014.07.16"]

1. e4 c5 2. Nf3 d6 3. d4 cxd4 4. Nxd4 Nf6 5. Nc3 a6 6. f4 e5 7. Nf3 Nbd7 8. Bc4
Be7 9. O-O O-O 10. a4 Qa5 11. Qe2 exf4 12. Bxf4 Ne5 13. Nxe5 dxe5 14. Be3 Bg4
15. Qf2 Rac8 16. Bd3 Bc5 17. Kh1 Be6 18. h3 Nd7 19. Rae1 Bxe3 20. Qxe3 Qb6 21.
Nd5 Bxd5 22. exd5 Qxe3 23. Rxe3 g6 24. b3 Rc3 25. Rfe1 Kg7 26. R3e2 f5 27. Bc4
Rf6 28. Rd1 Rd6 29. a5 e4 30. Kg1 Ne5 31. Kf2 Nxc4 32. bxc4 Rxc4 33. Ke3 Kf6 34.
Rb1 Rxd5 35. Rxb7 Rc3+ 36. Kf2 Rxa5 37. Rxh7 Ra2 38. Ra7 Kg5 39. Kg1 a5 40. g4
Rcxc2 41. Rxc2 Rxc2 42. gxf5 gxf5 43. Rxa5 Kf4 44. Ra1 Rc3 45. Kg2 Rc2+ 46. Kg1
e3 47. Rf1+ Ke4 48. h4 f4 49. h5 f3 50. h6 Rg2+ 51. Kh1 Rg6 0-1

[Event "25th Czech Rapid G1 2014"]
[Site "Pardubice CZE"]
[Date "2014.07.17"]
[Round "7.53"]
[White "Bjornsson, Tomas"]
[Black "Scherbakov, Mikhail"]
[Result "1-0"]
[WhiteTitle "FM"]
[WhiteElo "2144"]
[BlackElo "1854"]
[WhiteFideId "2300303"]
[BlackFideId "34130184"]
[EventDate "2014.07.16"]

1. d4 Nf6 2. c4 c5 3. d5 e6 4. Nc3 exd5 5. cxd5 d6 6. e4 g6 7. Nf3 a6 8. a4 Bg4
9. Be2 Bxf3 10. Bxf3 Bg7 11. O-O O-O 12. Bf4 Ne8 13. Qd2 Nd7 14. Be2 Ne5 15. a5
b5 16. axb6 Qxb6 17. Rfb1 Nc7 18. Be3 Qb7 19. Bh6 Nb5 20. Bxg7 Kxg7 21. b4 Nxc3
22. Qxc3 Qb6 23. bxc5 Qxc5 24. Qxc5 dxc5 25. f4 Nd7 26. Bxa6 Rfb8 27. Bd3 Rxa1
28. Rxa1 Rb3 29. Rd1 Kf8 30. e5 Nb6 31. d6 Ke8 32. Kf2 c4 33. Be4 Kd7 34. g4
Rb2+ 35. Ke3 Rxh2 36. Rb1 Rh3+ 37. Bf3 Nd5+ 38. Kf2 Nxf4 39. Rb7+ Kd8 1-0

[Event "25th Czech Rapid G1 2014"]
[Site "Pardubice CZE"]
[Date "2014.07.17"]
[Round "7.54"]
[White "Janocko, Petr"]
[Black "Maslak, Alexander"]
[Result "0-1"]
[WhiteElo "2039"]
[BlackElo "2170"]
[WhiteFideId "320099"]
[BlackFideId "4130871"]
[EventDate "2014.07.16"]

1. d4 Nf6 2. c4 g6 3. Nc3 Bg7 4. Nf3 O-O 5. g3 d6 6. Bg2 Nc6 7. O-O Bf5 8. Bg5
h6 9. Bf4 g5 10. Be3 e5 11. dxe5 dxe5 12. Nd5 Be6 13. Bc5 Re8 14. Nxf6+ Qxf6 15.
Nd2 Rad8 16. Qc1 Bg4 17. Ne4 Qg6 18. Nc3 b6 19. Be3 Nd4 20. f3 Be6 21. Bxd4 exd4
22. Ne4 f5 23. Nf2 Bf7 24. Re1 c5 25. e4 dxe3 26. Rxe3 Rxe3 27. Qxe3 Bxb2 28.
Rd1 Rxd1+ 0-1

[Event "25th Czech Rapid G1 2014"]
[Site "Pardubice CZE"]
[Date "2014.07.17"]
[Round "7.55"]
[White "Horacek, Michal"]
[Black "Keilhack, Harald"]
[Result "0-1"]
[BlackTitle "FM"]
[WhiteElo "2094"]
[BlackElo "2250"]
[WhiteFideId "332526"]
[BlackFideId "4601904"]
[EventDate "2014.07.16"]

1. b3 Nf6 2. Bb2 e6 3. Nf3 Be7 4. e3 O-O 5. Be2 b6 6. O-O Bb7 7. d3 c5 8. Nbd2
Nc6 9. c4 d5 10. cxd5 Qxd5 11. d4 cxd4 12. Bc4 Qa5 13. Nxd4 Rfd8 14. Qe2 Nxd4
15. Bxd4 e5 16. b4 Qxb4 17. Rab1 Qd6 18. Bc3 Qc6 19. f3 b5 20. Rxb5 Ba6 21. Rxe5
Rxd2 22. Bxd2 Bxc4 23. Rc1 Qd6 24. Qxc4 Qxe5 25. e4 Rd8 26. Be3 Qb8 27. Qc7 Bd6
28. Qxb8 Bxb8 29. Rc6 h5 30. Bg5 Be5 31. Kf2 Rb8 32. Ra6 Rb2+ 33. Ke3 Rxg2 34.
f4 Bc7 35. Kf3 Rxh2 36. Rxa7 Bb6 37. Ra8+ Kh7 38. Ra4 Rf2+ 39. Kg3 Re2 40. Bxf6
gxf6 41. Ra6 Bd4 42. Kh4 Rxe4 43. Kxh5 Rxf4 44. Ra4 Be3 45. Ra3 Bf2 46. Rh3 Kg7
47. Rh2 Bd4 48. Rg2+ Kf8 49. Rh2 Ke7 50. Kh6 Be5 51. Rh3 Ke6 52. Kh7 Rg4 53. Rh6
Rg2 54. a3 Rh2 0-1

[Event "25th Czech Rapid G1 2014"]
[Site "Pardubice CZE"]
[Date "2014.07.17"]
[Round "7.56"]
[White "Bibik, Jura"]
[Black "Joukl, Zdenek"]
[Result "1/2-1/2"]
[WhiteTitle "IM"]
[WhiteElo "2228"]
[BlackElo "2062"]
[WhiteFideId "4113071"]
[BlackFideId "304247"]
[EventDate "2014.07.16"]

1. d4 d5 2. Nf3 Bf5 3. Bf4 e6 4. e3 Nf6 5. c4 Nc6 6. a3 Be7 7. Nc3 Ne4 8. Rc1 g5
9. Bg3 h5 10. cxd5 exd5 11. h3 Nxg3 12. fxg3 Bd6 13. Kf2 h4 14. gxh4 gxh4 15.
Bd3 Bg3+ 16. Ke2 Qd7 17. Rf1 O-O-O 18. Bxf5 Qxf5 1/2-1/2

[Event "25th Czech Rapid G1 2014"]
[Site "Pardubice CZE"]
[Date "2014.07.17"]
[Round "7.57"]
[White "Jezbera, Jiri"]
[Black "Jelinek, Vaclav"]
[Result "0-1"]
[WhiteElo "2200"]
[BlackElo "1973"]
[WhiteFideId "329185"]
[BlackFideId "317454"]
[EventDate "2014.07.16"]

1. e4 g6 2. d4 Bg7 3. f3 d6 4. c4 Nf6 5. Nc3 O-O 6. Be3 Nc6 7. Qd2 a6 8. O-O-O
Rb8 9. g4 e5 10. d5 Nd4 11. Bh6 c5 12. h4 b5 13. h5 b4 14. Nce2 Qa5 15. Kb1 Bxg4
16. Nxd4 cxd4 17. Bxg7 Kxg7 18. hxg6 fxg6 19. Qh6+ Kg8 20. fxg4 Rf7 21. Bh3 Nxe4
22. g5 Nc3+ 23. Kc1 Nxa2+ 24. Kd2 b3+ 25. Kd3 Nb4+ 26. Ke2 d3+ 27. Rxd3 Nxd3 28.
Be6 Nf4+ 0-1

[Event "25th Czech Rapid G1 2014"]
[Site "Pardubice CZE"]
[Date "2014.07.17"]
[Round "7.58"]
[White "Chernyshova, Natalia"]
[Black "Petuchov, Sergej"]
[Result "0-1"]
[WhiteElo "2129"]
[BlackElo "2119"]
[WhiteFideId "24143219"]
[BlackFideId "309567"]
[EventDate "2014.07.16"]

1. d4 Nf6 2. Bg5 Ne4 3. Bf4 d5 4. Nd2 Nd6 5. e3 Nc6 6. Ngf3 e6 7. c4 dxc4 8.
Nxc4 Nxc4 9. Bxc4 Bb4+ 10. Nd2 O-O 11. a3 Bd6 12. Bxd6 cxd6 13. d5 Ne5 14. O-O
Qh4 15. Ba2 Bd7 16. Nf3 Qf6 17. Nxe5 Qxe5 18. Qb3 b5 19. Rad1 Rab8 20. Rd2 a5
21. Qd3 Rfd8 22. b4 a4 23. f4 Qf6 24. Bb1 g6 25. Rdf2 Rbc8 26. dxe6 Bxe6 27.
Qxb5 Bc4 28. Qxa4 Bxf1 29. Rxf1 Qc3 30. Qa7 Re8 31. e4 Ra8 32. Qd7 Qd4+ 33. Kh1
Rad8 34. Qb7 Qc4 35. Rg1 Rc8 36. Qd7 Red8 37. Qe7 d5 38. exd5 Qxd5 39. f5 Re8
40. Qf6 Rc6 41. Qb2 Qe5 42. Qf2 Qe3 43. Qb2 Rec8 44. fxg6 hxg6 45. b5 Rc1 0-1

[Event "25th Czech Rapid G1 2014"]
[Site "Pardubice CZE"]
[Date "2014.07.17"]
[Round "7.59"]
[White "Vokoun, Jan"]
[Black "Vachtfeidl, Petr"]
[Result "1-0"]
[WhiteTitle "FM"]
[WhiteElo "2195"]
[BlackElo "1996"]
[WhiteFideId "301647"]
[BlackFideId "315028"]
[EventDate "2014.07.16"]

1. d4 Nf6 2. Bf4 c5 3. d5 Qb6 4. Bc1 e6 5. Nc3 exd5 6. Nxd5 Nxd5 7. Qxd5 d6 8.
e4 Be6 9. Qd2 Be7 10. Ne2 O-O 11. Nf4 Nc6 12. c3 Rad8 13. Be2 Rfe8 14. Nxe6 fxe6
15. O-O d5 16. Qc2 c4 17. Kh1 Rf8 18. f4 Bc5 19. Bg4 Ne7 20. b3 d4 21. cxd4 Bxd4
22. Rb1 cxb3 23. Qxb3 Rd6 24. Ba3 Bc5 25. Bxc5 Qxc5 26. Bxe6+ Kh8 27. Qxb7 Rxe6
28. Rbc1 Qb6 29. Qxb6 axb6 30. e5 Nf5 31. Rc3 h5 32. g3 Rd8 33. Rf2 Kh7 34. Rb2
Kg6 35. Rcb3 Rd1+ 36. Kg2 Kf7 37. a3 Nd4 38. Rxb6 Rxb6 39. Rxb6 Rd2+ 40. Kh3 Nf3
41. g4 hxg4+ 42. Kxg4 Nxh2+ 43. Kf5 Ra2 44. Rb7+ Kg8 45. e6 Kf8 46. Rf7+ Kg8 47.
Ra7 Kf8 48. a4 Nf3 49. Ke4 Nd2+ 50. Kd5 Nf3 51. a5 Ra4 52. a6 Ra5+ 53. Kd6 Ra1
54. Ra8# 1-0

[Event "25th Czech Rapid G1 2014"]
[Site "Pardubice CZE"]
[Date "2014.07.17"]
[Round "7.60"]
[White "Duda, Antonin"]
[Black "Pulpan, Jakub"]
[Result "1-0"]
[WhiteElo "2055"]
[BlackElo "2218"]
[WhiteFideId "326720"]
[BlackFideId "302759"]
[EventDate "2014.07.16"]

1. e4 c5 2. Nf3 Nc6 3. d4 cxd4 4. Nxd4 g6 5. Nc3 Bg7 6. Be3 Nf6 7. Bc4 O-O 8.
Bb3 a5 9. O-O a4 10. Nxa4 Nxe4 11. Nb5 Ra6 12. Qe2 Kh8 13. f3 Nf6 14. c4 d6 15.
Rfe1 Be6 16. Nac3 Na5 17. Nd4 Qc8 18. Nxe6 Qxe6 19. Rad1 Nxb3 20. axb3 Ra5 21.
Bd4 Qxe2 22. Rxe2 e6 23. Bxf6 Bxf6 24. Ne4 Kg7 25. Nxf6 Kxf6 26. Rxd6 Rc8 27.
Red2 b5 28. R6d4 Rc5 29. Kf2 Ra1 30. Rc2 Ke7 31. Rcd2 Rc1 32. Rd7+ Kf6 33. Rb7
bxc4 34. bxc4 R1xc4 35. b4 Rd5 36. Ra2 h5 37. b5 Rb4 38. b6 h4 39. g3 h3 40. g4
Rd3 41. Raa7 Rd2+ 42. Kg3 Ke5 43. Rxf7 Rxb6 44. Ra5+ Rd5 45. Ra4 Rd2 46. Kxh3 g5
47. Re4+ Kd6 48. Rf6 Rbb2 49. Rfxe6+ Kd7 50. Re7+ Kd6 51. R4e6+ Kd5 52. Re5+ Kd4
53. Rxg5 Rxh2+ 54. Kg3 Rhg2+ 55. Kf4 Rgf2 56. Rd7+ Kc4 57. Rg8 Rb4 58. Rc7+ Kb3+
59. Kg3 Rf1 60. g5 Rg1+ 61. Kf2 Ra1 62. Re8 Ra6 63. Re3+ Kb2 64. Kg3 Ra1 65.
Re2+ Kb3 66. g6 Rb6 67. Rg7 Rb5 68. f4 Rf1 69. Rf2 Rg1+ 70. Rg2 Rf1 71. Kg4 Rb6
72. Rg3+ Kb2 73. f5 Rb5 74. Rf7 Rb8 75. g7 Rg8 76. f6 Rxf6 77. Rxf6 Rxg7+ 78.
Kf3 Rd7 79. Re6 Kc3 80. Re4 Rf7+ 81. Rf4 Ra7 82. Kg2+ Kd2 83. Rf2+ Ke1 84. Re3+
Kd1 85. Kf1 1-0

[Event "25th Czech Rapid G1 2014"]
[Site "Pardubice CZE"]
[Date "2014.07.17"]
[Round "7.61"]
[White "Gadzhiev, Farid"]
[Black "Sykora, Josef"]
[Result "1-0"]
[WhiteElo "1889"]
[BlackElo "2117"]
[WhiteFideId "24194450"]
[BlackFideId "313220"]
[EventDate "2014.07.16"]

1. e4 c6 2. d4 d5 3. Nc3 dxe4 4. Nxe4 Nd7 5. Bc4 e6 6. Nf3 Ngf6 7. Nxf6+ Nxf6 8.
O-O Be7 9. b3 O-O 10. Bb2 b6 11. Qe2 Bb7 12. Rfd1 Qc7 13. Rac1 Rfd8 14. Bd3 Qf4
15. c4 c5 16. d5 Bd6 17. Bxf6 Qxf6 18. Be4 Bf4 19. Rb1 exd5 20. Bxd5 Bxd5 21.
Rxd5 Rxd5 22. cxd5 Rd8 23. Rd1 Bd6 24. g3 h6 25. Nd2 Qb2 26. Qg4 Qxa2 27. Ne4
Qxb3 28. Nxd6 Rxd6 29. Qc8+ Kh7 30. Qf5+ Rg6 31. Rb1 Qa4 32. d6 Qe8 33. d7 Qd8
34. Re1 1-0

[Event "25th Czech Rapid G1 2014"]
[Site "Pardubice CZE"]
[Date "2014.07.17"]
[Round "7.62"]
[White "Wagener, Claude"]
[Black "Kopriva, Martin"]
[Result "1-0"]
[WhiteTitle "FM"]
[WhiteElo "2259"]
[BlackElo "1871"]
[WhiteFideId "4000471"]
[BlackFideId "357740"]
[EventDate "2014.07.16"]

1. e4 c5 2. Nf3 d6 3. d4 cxd4 4. Nxd4 Nf6 5. Nc3 a6 6. Bd3 e6 7. f4 Qc7 8. Qe2
Be7 9. e5 Nfd7 10. exd6 Qxd6 11. Be3 Nc5 12. O-O-O Nxd3+ 13. Rxd3 Qc7 14. f5 O-O
15. fxe6 Bxe6 16. Nxe6 fxe6 17. Qg4 Kh8 18. Qxe6 Rf6 19. Nd5 1-0

[Event "25th Czech Rapid G1 2014"]
[Site "Pardubice CZE"]
[Date "2014.07.17"]
[Round "7.63"]
[White "Solovyev, Anton"]
[Black "Janacek, Jaroslav"]
[Result "1-0"]
[WhiteElo "2021"]
[BlackElo "2001"]
[WhiteFideId "24170330"]
[BlackFideId "306681"]
[EventDate "2014.07.16"]

1. e4 d6 2. d4 Nf6 3. Nc3 g6 4. Be3 c6 5. Bc4 b5 6. Bd3 b4 7. Nce2 a5 8. Nf3
Nbd7 9. a3 Bb7 10. O-O Bg7 11. Qd2 c5 12. d5 Ng4 13. c3 Nxe3 14. Qxe3 b3 15. a4
Ba6 16. Bxa6 Rxa6 17. Qd3 Rb6 18. Ra3 Qb8 19. Qc4 Bh6 20. g4 f6 21. h4 Ne5 22.
Nxe5 fxe5 23. g5 Bg7 24. f4 O-O 25. f5 gxf5 26. exf5 Qe8 27. Ng3 Qb8 28. Raa1
Qc8 29. Rae1 Qa6 30. Re4 Qxc4 31. Rxc4 Kf7 32. Rg4 Ke8 33. Nh5 Bh8 34. g6 hxg6
35. fxg6 Rxf1+ 36. Kxf1 e6 37. g7 Bxg7 38. Nxg7+ Kf7 39. Nxe6 Kf6 40. h5 Rb8 41.
h6 Rh8 42. Rh4 Kf5 43. Ke2 c4 44. h7 e4 45. Ke3 Ke5 46. Rh5+ Kf6 47. Kxe4 Kg6
48. Nf4+ Kf6 49. Kd4 Kg7 50. Kxc4 1-0

[Event "25th Czech Rapid G1 2014"]
[Site "Pardubice CZE"]
[Date "2014.07.17"]
[Round "7.64"]
[White "Hiller, Simon"]
[Black "Marutkins, Olegs"]
[Result "0-1"]
[WhiteElo "1973"]
[BlackElo "2081"]
[WhiteFideId "24641308"]
[BlackFideId "11600012"]
[EventDate "2014.07.16"]

1. Nf3 Nf6 2. g3 g6 3. Bg2 Bg7 4. d4 d6 5. O-O O-O 6. Nc3 c5 7. dxc5 dxc5 8. Bf4
Nc6 9. Qc1 Bf5 10. Rd1 Qa5 11. Ne5 Nxe5 12. Bxe5 Qa6 13. Nd5 Nxd5 14. Bxg7 Kxg7
15. Bxd5 Qxe2 16. Bxb7 Rab8 17. Rd2 Qe5 18. Bf3 Rxb2 19. Re2 Qc3 20. Re3 Qxc2
21. Qxc2 Rxc2 22. Rxe7 Rb8 23. Bd5 Rbb2 24. Rf1 c4 25. Rxa7 c3 26. a4 Rd2 27.
Rxf7+ Kh6 28. Bc4 c2 29. Rc7 Rb1 30. Bg8 Rxf1+ 31. Kxf1 Rd1+ 32. Kg2 c1=Q 33.
Rxh7+ Kg5 34. f4+ Kf6 35. Rf7+ Ke6 36. Ra7+ Kd6 37. Ra6+ Kc5 38. Ra5+ Kb4 39.
Rb5+ Kxa4 40. Rxf5 0-1

[Event "25th Czech Rapid G1 2014"]
[Site "Pardubice CZE"]
[Date "2014.07.17"]
[Round "7.65"]
[White "Kotyk, Vaclav"]
[Black "Mindl, Josef"]
[Result "1/2-1/2"]
[WhiteElo "1848"]
[BlackElo "2029"]
[WhiteFideId "384232"]
[BlackFideId "310549"]
[EventDate "2014.07.16"]

1. e4 c5 2. Nf3 Nc6 3. Bb5 g6 4. O-O Bg7 5. Bxc6 dxc6 6. Re1 e5 7. d3 Ne7 8.
Nbd2 O-O 9. Nc4 Qc7 10. h3 b6 11. a4 a5 12. Qe2 Be6 13. b3 f6 14. Bb2 Nc8 15.
Ne3 1/2-1/2

[Event "25th Czech Rapid G1 2014"]
[Site "Pardubice CZE"]
[Date "2014.07.17"]
[Round "7.68"]
[White "Holy, Filip"]
[Black "Horinek, Karel"]
[Result "0-1"]
[WhiteElo "1733"]
[BlackElo "1980"]
[WhiteFideId "358762"]
[BlackFideId "323276"]
[EventDate "2014.07.16"]

1. e4 e5 2. Nf3 Nc6 3. Nc3 d6 4. d4 Bg4 5. Bb5 exd4 6. Qxd4 Ne7 7. Bg5 f6 8. Be3
Qd7 9. Qd2 a6 10. Be2 Ng6 11. h3 Be6 12. Nd4 Nxd4 13. Qxd4 Ne5 14. f4 c5 15. Qd2
Nc4 16. Bxc4 Bxc4 17. Nd5 Qc6 18. Rd1 O-O-O 19. b3 Bxd5 20. exd5 Qe8 21. O-O Be7
22. Rfe1 Qf7 23. Bf2 g5 24. Re6 gxf4 25. Qxf4 f5 26. Rde1 Rd7 27. c4 Rhd8 28.
Kh1 Rg8 29. Bg3 Qg7 30. Kh2 Bg5 31. Re8+ Rxe8 32. Rxe8+ Kc7 33. Qxf5 Be7 34. Qe6
h5 35. Qe3 b6 36. h4 Bf6 37. Qe6 Bd8 38. Rg8 Qd4 39. Bxd6+ Rxd6 40. Qf7+ Rd7 41.
d6+ 0-1

[Event "25th Czech Rapid G1 2014"]
[Site "Pardubice CZE"]
[Date "2014.07.17"]
[Round "8.1"]
[White "Pavlidis, Antonios"]
[Black "Vajda, Levente"]
[Result "1/2-1/2"]
[WhiteTitle "IM"]
[BlackTitle "GM"]
[WhiteElo "2479"]
[BlackElo "2569"]
[WhiteFideId "4212312"]
[BlackFideId "1203975"]
[EventDate "2014.07.16"]

1. e4 e5 2. Nf3 Nc6 3. Bb5 a6 4. Ba4 Nf6 5. O-O Be7 6. Re1 b5 7. Bb3 O-O 8. c3
d6 9. h3 Nb8 10. d4 Nbd7 11. Nbd2 Bb7 12. Bc2 Re8 13. Nf1 Bf8 14. Ng3 g6 15. Bg5
h6 16. Bd2 Bg7 17. a4 Nb6 18. b3 bxa4 19. bxa4 a5 20. Bd3 Ba6 21. Bxa6 Rxa6 22.
Qb3 Nbd7 1/2-1/2

[Event "25th Czech Rapid G1 2014"]
[Site "Pardubice CZE"]
[Date "2014.07.17"]
[Round "8.3"]
[White "Cvek, Robert"]
[Black "Nisipeanu, Liviu-Dieter"]
[Result "1/2-1/2"]
[WhiteTitle "GM"]
[BlackTitle "GM"]
[WhiteElo "2516"]
[BlackElo "2686"]
[WhiteFideId "307424"]
[BlackFideId "1202758"]
[EventDate "2014.07.16"]

1. c4 e6 2. d4 Nf6 3. Nf3 Bb4+ 4. Bd2 c5 5. Bxb4 cxb4 6. g3 O-O 7. Bg2 d6 8. O-O
Re8 9. a3 Nc6 10. axb4 Nxb4 11. Nc3 Bd7 12. Ne1 Qc7 13. b3 e5 14. dxe5 dxe5 15.
Nd3 Nc6 16. e3 Bf5 17. Nd5 Nxd5 18. cxd5 Ne7 19. e4 Bd7 20. Qd2 Bb5 21. Rfc1 Qd6
22. Nc5 b6 23. Na6 Rac8 24. Bh3 f5 25. Qb4 Rxc1+ 26. Rxc1 Qh6 27. Qxb5 Qxc1+ 28.
Kg2 Rd8 29. d6 Nc6 30. Qd5+ Kh8 31. Bxf5 Nd4 32. d7 Qd1 33. Qxe5 Qf3+ 34. Kg1
Qd1+ 35. Kg2 Qf3+ 36. Kg1 Qd1+ 1/2-1/2

[Event "25th Czech Rapid G1 2014"]
[Site "Pardubice CZE"]
[Date "2014.07.17"]
[Round "8.4"]
[White "Navara, David"]
[Black "Muhammad, Luthfi Ali"]
[Result "1-0"]
[WhiteTitle "GM"]
[BlackTitle "FM"]
[WhiteElo "2716"]
[BlackElo "2336"]
[WhiteFideId "309095"]
[BlackFideId "7103743"]
[EventDate "2014.07.16"]

1. d4 Nf6 2. c4 g6 3. Nc3 Bg7 4. e4 d6 5. Nf3 O-O 6. h3 e5 7. d5 Na6 8. Bg5 Qe8
9. g4 Nd7 10. Rg1 Kh8 11. Be2 Ndc5 12. a3 f5 13. gxf5 gxf5 14. Nh4 Nxe4 15. Nxe4
fxe4 16. Bh5 Qd7 17. Bg6 Nc5 18. Qh5 Nd3+ 19. Kd2 Rxf2+ 20. Kc3 Bf8 21. Be7 Qxe7
22. Bxh7 1-0

[Event "25th Czech Rapid G1 2014"]
[Site "Pardubice CZE"]
[Date "2014.07.17"]
[Round "8.5"]
[White "Bryzgalin, Kirill"]
[Black "Gordievsky, Dmitry"]
[Result "1-0"]
[WhiteTitle "GM"]
[BlackTitle "FM"]
[WhiteElo "2460"]
[BlackElo "2439"]
[WhiteFideId "4133285"]
[BlackFideId "24112798"]
[EventDate "2014.07.16"]

1. e4 c5 2. Nf3 d6 3. Bb5+ Nc6 4. O-O Bd7 5. Re1 Nf6 6. c3 a6 7. Ba4 Ne5 8.
Bxd7+ Nfxd7 9. d4 Nxf3+ 10. Qxf3 e6 11. Qg3 Qf6 12. Be3 Qg6 13. Qf3 Be7 14. a4
O-O 15. a5 Rac8 16. Nd2 cxd4 17. Bxd4 Rc6 18. Qe2 e5 19. Ba7 f5 20. exf5 Qxf5
21. c4 Nf6 22. b3 Nh5 23. g3 Rf6 24. Ne4 Rg6 25. Kh1 d5 26. cxd5 Rc2 27. Qf1 Rh6
28. Qg2 Rg6 29. d6 Bd8 30. Rad1 Nf4 31. Qf1 Ne2 32. Rxe2 Qf3+ 33. Kg1 Rxe2 34.
Nd2 Qh5 35. Nc4 Re4 36. Be3 Rh4 37. Qd3 Rxh2 38. Qd5+ Kf8 39. Rd2 Rh3 40. Qg2
Rh4 41. d7 e4 42. b4 Qb5 43. Bc5+ Kg8 44. Ne5 Qa4 45. Qf1 e3 46. Bxe3 Rxb4 47.
Nxg6 hxg6 48. Bb6 Rxb6 49. axb6 Qc6 50. Qb1 a5 51. Qa2+ Kh7 52. Qxa5 Qc1+ 53.
Kg2 Qe1 54. Qd5 Kh6 55. Rd1 Qe2 56. Rh1+ 1-0